| 000 | 00599cam a22001934i 4500 | ||
|---|---|---|---|
| 020 | _a9780415528771 (hbk) | ||
| 020 | _a9780203118313 (ebk) | ||
| 040 | _cIEN | ||
| 082 | 0 | 0 | _a333 BAN 2007 C165 Or. |
| 245 | 0 | 0 | _aConservation and environmental management in Madagascar / |
| 300 |
_axxiii, 374 pages : _billustrations ; _c24 cm |
||
| 490 | 0 | _aEarthscan conservation and development series. | |
| 650 | 0 | _aConservation of natural resources | |
| 650 | 0 | _aBiodiversity conservation | |
| 650 | 0 | _aNatural resources | |
| 650 | 0 | _aEnvironmental policy | |
| 700 | 1 | _aScales, Ivan R., | |
| 942 | _cAEDBB | ||
| 999 |
_c19325 _d19325 |
||